000 00508nam a2200217 a 4500
001 nice12345678
003 IN_TiNIC
005 20260116012713.0
008 050524s1985 u ka grp 000 0 eng
020 _a
_c130.65
082 0 0 _a201
_bNAA
100 _aNaaman, Ghulam Masih
245 _aUnexpected Enemy.
260 _aU K
_bMarshal Pickering
_c1985
300 _a158p
500 _aincludes index and biblioraphy
505 2 _aBibliography
902 _bSRS
942 _cBK
999 _c8023
_d8023